Popularne albumy rap/trap tygodnia 02-08.07 - Statystyki

Ogólne statystyki
  • Ten quiz został rozwiązany 9 razy
  • Średni wynik to 10 z 15
Statystyki odpowiedzi
Wykonawca Data wydania Album % Poprawnych
Sobel 16 kwietnia 2021 Pułapka Na Motyle
89%
Białas & White 2115 7 maja 2021 Diamentowy Las
78%
Oki, Young Igi, Otsochodzi 7 maja 2021 OIO
78%
Bedoes & Lanek 29 listopada 2019 Opowieści Z Doliny Smoków
78%
Bedoes & Lanek 15 stycznia 2021 Rewolucja Romantyczna
78%
White 2115 31 maja 2018 Rockstar
78%
Mata 17 stycznia 2020 100 dni do matury
67%
Chivas 21 maja 2021 Nauczyłem się przeklinać
67%
Guzior 4 grudnia 2020 PLEŚŃ
67%
Kizo 23 października 2020 Posejdon
56%
White 2115 28 sierpnia 2020 Rockstar: Do Zachodu Słońca
56%
Żabson 1 lutego 2021 Ziomalski Mixtape
56%
Ekipa 26 czerwca 2021 Sezon 3
44%
Avi & Louis Villain 21 maja 2021 Akademia Sztuk Pięknych
33%
Sobel 25 czerwca 2020 Kontrast
33%
Nie znaleziono quizów pasujących do podanych kryteriów
Rozkład punktacji
Procent ludzi z każdym wynikiem
Percentyl według liczby udzielonych odpowiedzi
Twoja historia wyników
Nie rozwiązałeś tego quizu